000
00216 a2200097 4500
001
42002
100
_a
Beaton, L
245
_a
The Spread of Nuclear Weapons
260
_a
_b
Chatto & Windus
_c
090
_c
26044
_d
26044
942
_a
NUST-CAE
_c
M
_c
17830
999
_c
277075
_d
277075